| 000 | 004220000a22001690004500 | ||
|---|---|---|---|
| 003 | MACL | ||
| 005 | 20151230114834.0 | ||
| 008 | 151230b xxu||||| |||| 00| 0 eng d | ||
| 040 |
_aMACL _cMACL |
||
| 041 | _aEnglish | ||
| 082 | _a301/GAL | ||
| 100 |
_aGalbraith, J K _924591 |
||
| 245 | _aThe Affluent Society | ||
| 260 |
_bAsia Publishing House _c1964 |
||
| 650 |
_asociology Science _917652 |
||
| 942 |
_cBK _k301/Gal _2ddc |
||
| 999 |
_c36499 _d36499 |
||